00542nam a22001692 4500001001100000005001700011008004100028020002800069040001500097050001800112100004900130245005500179260003800234300003500272650003300307700003200340000000377420151217151933.0070515s xx 000 0 eng d a0198517955 :cGBP 44.50 aKABUcKABU 0aQC395.2b.A341 aAkhmanov, Sergei Aleksandrovich.@000015391210aPhysical optics /cS. A. Akhmanov, S. Yu. Nikitin. aOxford :bClarendon Press,c1997. axiii, 488 p. :bill. ;c25 cm. 0aPhysical optics.@00001539031 aNikitin, S. Yu.@0000153913